000 00726 a2200229 4500
999 _c200128633
_d32732
001 200128633
003 TR-AnTOB
005 20251015073922.0
008 130214s1997 tu 000 0
040 _aTR-AnTOB
_cTR-AnTOB
041 _atur
050 0 0 _aHQ1726.7
_bT87 1997
090 _aHQ1726.7 T87 1997
245 0 0 _aTürkiye'de kadın=
_bWomen in Turkey 1999.
264 1 _aAnkara:
_bKadının Statüsü ve Sorunları Gn.Md.,
_c1997.
300 _a14 s.;
_c22 cm.
490 0 _aBaşbakanlık Kadının Statüsü ve Sorunları Genel Müdürlüğü
650 0 _aWomen
_zTurkey
_xSocial conditions
_976037
650 7 _aKadınlar
_zTürkiye
_xSosyal durum
_eetuturkob
_2etuturkob
_98192
942 _cBK
_2lcc